Estudio y comprensión de la naturaleza 7: texto para el profesor

Zapisane w:
Opis bibliograficzny
Główni autorzy: Núñez Jiménez, Sergio (autor), Vásquez Aguilera, Manuel (Autor), Farías Carrasco, Fresia (Autor)
Format: Książka
Język:hiszpański
Wydane: Santiago Arrayán 2001
Seria:Sector Ciencia
Hasła przedmiotowe:
Etykiety: Dodaj etykietę
Nie ma etykietki, Dołącz pierwszą etykiete!

MARC

LEADER 00000nam a2200000 a 4500
001 UCL1932
003 CL-VaPUC
008 030926e20010000CL |||||||||||||||||spa|d
020 |a 9562402894 
082 0 4 |a 372.357  |b NUÑ  |2 21 
100 |a Núñez Jiménez, Sergio  |e autor  |9 547424 
700 0 |a Vásquez Aguilera, Manuel  |e author  |9 478914 
700 0 |a Farías Carrasco, Fresia  |e author  |9 478915 
245 1 0 |a Estudio y comprensión de la naturaleza 7: texto para el profesor 
300 |a 191 p 
942 |c BK 
945 |d 20030926 00:00:00  |a cmena 
260 |a Santiago  |b Arrayán  |c 2001 
650 0 |a Educación científica   |9 307484 
650 0 |a Educación básica   |9 224933 
650 0 |a Libros de texto  |9 270019 
650 0 |a Métodos de enseñanza  |9 270413 
650 0 |a Ciencias naturales  |9 260542 
583 |a last modification  |c 20150417 16:47:30  |k Rodrigo Vera 
490 0 |a Sector Ciencia 
999 |c 305366  |d 305364 
952 |0 0  |1 0  |4 0  |6 372_357000000000000_NUÑ_2001  |7 0  |8 P  |9 368862  |a BIBEDU  |b BIBEDU  |c BIBEDU_PB  |d 2019-11-21  |i 3946371  |o 372.357 NUÑ 2001  |p 3946371  |r 2024-01-25  |w 2019-11-21  |y BK  |k EBA 
952 |0 0  |1 0  |4 0  |6 372_357000000000000_NUÑ_2001  |7 0  |8 P  |9 368863  |a BIBEDU  |b BIBEDU  |c BIBEDU_PB  |d 2019-11-21  |i 3946401  |o 372.357 NUÑ 2001  |p 3946401  |r 2024-01-25  |w 2019-11-21  |y BK  |k EBA 
952 |0 0  |1 0  |4 0  |6 372_357000000000000_NUÑ_2001  |7 0  |8 P  |9 368864  |a BIBEDU  |b BIBEDU  |d 2019-11-21  |i 3946444  |o 372.357 NUÑ 2001  |p 3946444  |r 2019-11-21  |w 2019-11-21  |y BK  |k EBA 
952 |0 0  |1 0  |4 0  |6 372_357000000000000_NUÑ_2001  |7 0  |8 P  |9 368865  |a BIBEDU  |b BIBEDU  |c BIBEDU_PB  |d 2019-11-21  |i 3946452  |o 372.357 NUÑ 2001  |p 3946452  |r 2024-01-25  |w 2019-11-21  |y BK  |k EBA 
952 |0 0  |1 0  |4 0  |6 372_357000000000000_NUÑ_2001  |7 0  |8 P  |9 368866  |a BIBEDU  |b BIBEDU  |d 2019-11-21  |i 3946460  |o 372.357 NUÑ 2001  |p 3946460  |r 2019-11-21  |w 2019-11-21  |y BK  |k EBA